000 00343nam a2200133 a 4500
005 20140414093837.0
008 030922s19uu xx 00 eng d
050 _aVCD 220.9
_bPha 1996
245 _aPharaohs and kings :
_ba biblical quest III.
650 _aBible
_xAntiquities.
650 _aArcheology.
942 _cAVM
999 _c109102
_d109102